000 00603nam a2200265Ia 4500
005 20260306163758.0
008 008 260114s9999 xx 000 0 eng d
020 _a9781452947143
037 _aEBOOK
040 _aCRL
040 _beng
040 _cCRL
041 _2eng
041 _aeng
084 _qCRL
100 _aGarrigan
_91129342
245 0 _aCollecting Mexico
260 _bUniversity of Minnesota Press
260 _c2015
650 _aSocial Work
856 _uhttps://academic.oup.com/book/15047
942 _cEBOOK
999 _c1711462
_d1711462